00741nam a22002174b 4500003000500000005001700005008004100022020002500063024001400088040001400102082001900116100001600135245007500151250002000226260007900246300003400325504007400359650002800433650003300461650002900494322820230808160037.0030114s2003 sa a b 001 0 eng d a9780195781274 (pbk.) cpaperback aRDAc322804a158.7 BERG221 aBergh, Ziel00aPsychology in the work context /cZiel C. Bergh, Antoinette L. Theron  aSecond edition. aCape Town, South Africa :bOxford University Press Southern Africa,c2003. axiv, 526 p. :bill. ;c28 cm. aIncludes bibliographical references (p. 469-495), glossary and index. 0aPsychology, Industrial. 0aWorkxPsychological aspects. 0aOrganizational behavior.